000 00866cam a22002897a 4500
003 CHAP
005 20220329140616.0
008 971013s1967 r 00010 d
010 _a54684
011 _a55656
035 _a59808
040 _cCHAP
082 _a519.2
_bT8
100 0 0 _aTucker, Howard G.
_9115506
245 1 2 _aA graduate course in probability
260 _aNew York :
_bAcademic Press,
_c1967
300 _a273 p.
490 0 _aProbability and mathematical statistics
590 _aBATCH-UPD
_b10
_c20130110
_lUCH01
_h0153
590 _aBATCH-UPD
_b10
_c20130110
_lUCH01
_h1629
590 _aCONVERSION
_b10
_c20130109
_lUCH01
_h1329
650 1 4 _aProbabilidades.
_991687
830 0 _aProbability and mathematical statistics
_991689
901 _aBK
942 _cLIBRO
949 _a519.2 T8
_bBC
_cLIBRO
_d33724000437083
_eLIBRO
_h34897
_i59808
_si
999 _c54684
_d54684